| Поле | Инд. | ПП | Название | Значение |
|---|---|---|---|---|
| Тип записи | a | |||
| Библиографический уровень | b | |||
| 001 | Контрольный номер | RU/IS/BASE/335899050 | ||
| 005 | Дата корректировки | 20200522191428.0 | ||
| 008 | Кодируемые данные | 20100823 | ||
| 040 | b | Код языка каталог. | rus | |
| e | Правила каталог. | PSBO | ||
| 041 | 0_ | a | Код языка текста | rus |
| 084 | a | Индекс другой классификации/Индекс ББК | 63.3(2)622-08; 63.3(2)622,6 | |
| 100 | 1_ | a | Автор | Томсинов В. А. |
| 245 | 10 | a | Заглавие | Великая Отечественная война (1941 - 1945): что это было? |
| 500 | a | Примечание | Стат. дан. в тексте | |
| 504 | a | Библиография | Примеч. и ссылки. - Лит.: 7 назв. | |
| 520 | a | Аннотация | Статья основывается на материале документов, разработанных руководством фашистской Германии и зафиксировавших его планы относительно СССР. Приведенные факты убедительно показывают истинно судьбоносное значение победы русского народа в союзе с братскими народами в Великой Отечественной войне: в ходе ее они отстаивали "свое право на жизнь, на существование в качестве самостоятельной национальной общности, в качестве народа, обладающего своей государственностью и самобытной духовной культурой. Также очевидно, что эта победа, кроме всего прочего, "предотвратила распространение в европейском общественном сознании "людоедской" идеологии | |
| 650 | a | Основная рубрика | история | |
| 653 | a | Ключевые слова | "Ост" план | |
| a | Ключевые слова | XX век | ||
| a | Ключевые слова | Великая Отечественная война 1941-1945 | ||
| a | Ключевые слова | военнопленные | ||
| a | Ключевые слова | Германия | ||
| a | Ключевые слова | жестокое обращение | ||
| a | Ключевые слова | истребление русских | ||
| a | Ключевые слова | людские потери | ||
| a | Ключевые слова | нацизм | ||
| a | Ключевые слова | нацистская идеология | ||
| a | Ключевые слова | потери населения | ||
| a | Ключевые слова | преступления против мирного населения | ||
| a | Ключевые слова | Россия | ||
| a | Ключевые слова | советские военнопленные | ||
| a | Ключевые слова | СССР | ||
| 773 | 08 | t | Заглавие источника | Вестник Московского университета. Серия 11, Право |
| d | Дата издания источника | 2010 | ||
| g | Прочая информация | № 3. - С. 16 - 34 | ||
| w | Контрольный № источника | RU/IS/BASE/330541362 | ||
| 901 | t | Тип документа | b |